000 01164nam a2200301 i 4500
003 EG-GICUC
005 20260121101154.0
008 251106s2006 ua ||||f |||| 00| 0 ara d
040 _a EG-GICUC
_bara
_c EG-GICUC
_d EG-GICUC
_erda
041 _aara
082 0 4 _221
_a345.2451
_bم ح . ط
092 0 4 _221
099 _alaw1 07 345.2451 م ح . ط 2006
100 0 _aمحمد عبد الحميد أبو زيد
_eمؤلف.
245 _aالطابع المحلي لنظام العمد :
_bبحث مقارن /
_cدكتور محمد عبد الحميد أبو زيد
264 _aالقاهرة :
_bدار السلام ,
_c2006.
300 _a407 صفحة
_c24 سم
336 _2rda content
_atext
337 _2rda media
_aComputer
338 _2rda carrier
_aOnline Resource
500 _aيشتمل علي ارجاعات ببليوجرافية
546 _aالنص أغلبه باللغة العربية بعض النصوص الإنجليزية والفرنسية
650 1 _aالقانون الإداري
_2qrmak
651 1 _2qrmak
856 4 0 _uhttps://fll.law.cu.edu.eg/fulltext/bks/B07-00646.pdf
905 _a74
942 _2ddc
_n0
_cBK
_e21
999 _c41572
_d41572